000 00692nam a2200265Ia 4500
005 20260121173637.0
008 008 260114s9999 xx 000 0 eng d
020 _a9783319184524
037 _aEBOOK
040 _aCRL
040 _beng
040 _cCRL
041 _2eng
041 _aeng
084 _qCRL
100 _aFilippo Celata Raffaella Coletti
_91103411
245 0 _aNeighbourhood Policy and the Construction of the European External Borders
260 _bSpringer
260 _bSpringer
260 _c2015
856 _uhttps://link.springer.com/openurl?genre=book&isbn=978-3-319-18452-4
942 _cEBOOK
999 _c1669156
_d1669156